| 000 | 00653nam a22002177a 4500 | ||
|---|---|---|---|
| 003 | dpl | ||
| 005 | 20180910160523.0 | ||
| 008 | 180808b xxu||||| |||| 00| 0 eng d | ||
| 010 | _aB-220072 | ||
| 020 |
_a8170004330 _c550.00 |
||
| 035 | _aB-220072 | ||
| 040 |
_adpl _bENG _c0 |
||
| 082 |
_a025.4 _bLAL |
||
| 100 | _aLal,c | ||
| 245 |
_aUnderstanding basics of library and Information science: _cby C.Lal & K.Kumar _bfor b.lib.sc examinations / |
||
| 260 |
_aNew Delhi _bEss ess publication |
||
| 270 |
_a4837/24,Ansari road _bNew Delhi _d110002 |
||
| 300 |
_a85p.: _c22cm |
||
| 700 | _aKumar,K | ||
| 942 |
_2ddc _cEN _h025.4 _mLAL |
||
| 999 |
_c155660 _d155660 |
||